| 000 | 00626aam a2200217 4500 | ||
|---|---|---|---|
| 001 | 7372 | ||
| 003 | Uk | ||
| 005 | 20250613152827.0 | ||
| 006 | m || d | | ||
| 007 | cr ||||||||||| | ||
| 008 | 040401s2004 enka ob 001 0 eng | ||
| 020 | _a9780824832704 | ||
| 082 | 0 | 4 | _a305.242 DER |
| 100 | 1 | _aDerks, Annuska. | |
| 245 | 1 | 0 |
_aKhmer women on the move : _bexploring work and life in urban Cambodia. |
| 260 |
_aHonolulu : _bUniversity of Hawaii Press, _c2008. |
||
| 300 |
_avii, 251 p. : _bill, : _c25 cm. |
||
| 504 | _aIncludes bibliographical references and index. | ||
| 800 | _aPalsson, Gisli. | ||
| 942 |
_2ddc _cMAIN |
||
| 999 |
_c10375 _d10376 |
||